Zagadki polskie #1 - Statystyki

Ogólne statystyki
  • Ten quiz został rozwiązany 380 razy
  • Średni wynik to 2 z 7
Statystyki odpowiedzi
Zagadka Odpowiedź % Poprawnych
Zawsze przyjdzie, ale nigdy nie przyjdzie dzisiaj. Co to takiego? Jutro
89%
Szły gęsi gęsiego – jedna za drugą. Ile było gęsi? Trzy
75%
Jeśli troje dzieci i ich trzy psy nie znajdowało się pod parasolem, to jak to się stało, że żadne z nich nie zmokło? Nie padało
58%
Kilka osób miało za zadanie przeskoczyć ołówek, który leżał na podłodze. Nikt nie zdołał tego zrobić. Dlaczego? Ołówek leżał przy ścianie
9%
Parys miał w koszu 3 jabłka, które rozdał 3 boginiom tak, że każda z nich dostała jedno jabłko, ale jedno jabłko zostało w koszyku. Jak to możliwe? Jedna bogini dostała jabłko z koszykiem
3%
Co łapie, ale nie rzuca? Mróz
2%
Czy gęś może nazwać się ptakiem? Nie! Przecież nie umie mówić.
1%
Nie znaleziono quizów pasujących do podanych kryteriów
Rozkład punktacji
Procent ludzi z każdym wynikiem
Percentyl według liczby udzielonych odpowiedzi
Twoja historia wyników
Nie rozwiązałeś tego quizu